000 00327 a2200145 4500
999 _c11950
_d11950
003 OSt
005 20240110194423.0
008 240110b ||||| |||| 00| 0 eng d
020 _a295100312
082 _a720
100 _aLee
245 _aA + Plus: Small Competition & Project, Vol.2
260 _bK-on Book
942 _2ddc